• 首页
  • 本馆介绍
  • 公告通知
  • 最新文献
  • 馆藏检索
  • 电子资源
  • 读者导购
  • 参考咨询
  • 我的图书馆
  • 登录
  • 详细信息显示
  • 放入我的书架
  • 预约/预借图书
  • 作者相关作品
  • 分类相关作品
  • 丛书相关作品
  • 出版社相关作品

书目信息

  • 表格格式
  • 工作单格式
  • 卡片格式
书名: Introduction to numerical methods in differential equations =
作者: Mark H. Holmes.
分册号:
分册名:
出版地: 北京 :
 
出版社: 科学出版社
出版时间: 2011.
页数: ix, 238 p. :
开本: 25 cm.
丛书名:
中图分类号:
科图分类号:
其他分类号: O241.8
主题词:
电子资源:
000 00919nam a2200265 a 4500
001 E1434633737
005 20140402101407.65
008 110722r20112007cc a b 001 0 eng d
020    @a9787030313874 (hb.). :@cCNY68.00.
040    @aRUC@cRUC
090    @aO241.82/X55(1)
092    @b华现11-078-033
093    @aO241.82 @2 4
099    @dO241.8@ex8
100 1  @aHolmes, Mark H.
245 10 @aIntroduction to numerical methods in differential equations =@b微分方程数值方法引论 / @cMark H. Holmes.
246 31 @a微分方程数值方法引论
260    @a北京 :@b科学出版社,@c2011.
300    @aix, 238 p. :@bill. ;@c25 cm.
490 0  @a国外数学名著系列(影印版) ;@v74
504    @aIncludes bibliographical references (p. [231]-234) and index.
534    @pReprint. Originally published:@cBerlin : Springer, c2007.
650  0 @aDifferential equations@xNumerical solutions@vTextbooks.
650 0  @a计算数学
920    @a232010@z2
    
    Introduction to numerical methods in differential equations = : 微分方程数值方法引论 / / Mark H. Holmes.-北京 : : 科学出版社, , 2011.
    ix, 238 p. : : ill. ; ; 25 cm.- (国外数学名著系列(影印版) ; 74)
    Includes bibliographical references (p. [231]-234) and index.
    
    ISBN 9787030313874 (hb.). :CNY68.00.
    
●
相关链接 在E读中查询图书 在五车中查询图书 在当当中查询图书 在豆瓣中查询图书


正题名:Introduction to numerical methods in differential equations     索取号:O241.8/x8         预约/预借

序号 登录号 条形码 馆藏地/架位号 状态 备注
1 0018003   300180033   第二样本阅览室/ [索取号:O241.8/x8] 在馆    
2 0018004   300180042   第四借阅区/ [索取号:O241.8/x8] 在馆    
3 0018005   300180051   第四借阅区/ [索取号:O241.8/x8] 在馆    
4 0018006   300180060   数信系资料室/ [索取号:O241.8/x8] 在馆    
唐山师范学院图书馆 欢迎您!
大连网信软件有限公司© 版权所有